El ejército de la Alemania del norte / (Record no. 162968)

MARC details
000 -LEADER
campo de control de longitud fija 00580nam a2200181 i 4500
001 - NÚMERO DE CONTROL
campo de control 162968
003 - IDENTIFICADOR DE NÚMERO DE CONTROL
campo de control ES-MaACL
005 - FECHA Y HORA DE LA ÚLTIMA TRANSACCIÓN
campo de control 20250928145826.0
008 - DATOS DE LONGITUD FIJA--INFORMACIÓN GENERAL
campo de control de longitud fija 990913s1871 gw |||| | spa d
100 1# - ENTRADA PRINCIPAL--NOMBRE DE PERSONA
Nombre de persona Rascón Navarro, Juan Antonio,
Títulos y otros términos asociados al nombre Conde de Rascón,
Fechas asociadas al nombre 1821-1902
9 (RLIN) 168938
245 13 - MENCIÓN DEL TÍTULO
Título El ejército de la Alemania del norte /
Mención de responsabilidad, etc. por J.A. Rascon.
260 ## - PUBLICACIÓN, DISTRIBUCIÓN, ETC.
Lugar de publicación, distribución, etc. Berlin :
Nombre del editor, distribuidor, etc. E. Schmitt,
Fecha de publicación, distribución, etc. 1871.
300 ## - DESCRIPCIÓN FÍSICA
Extensión 295, [7] p. ;
Dimensiones 24 cm.
650 #4 - PUNTO DE ACCESO ADICIONAL DE MATERIA--TÉRMINO DE MATERIA
Término de materia o nombre geográfico como elemento de entrada Fuerzas armadas-
Subdivisión geográfica Alemania.
9 (RLIN) 168939
752 ## - ENTRADA AGREGADA--NOMBRE JERÁRQUICO DEL LUGAR
País o entidad superior Alemania -
Ciudad Berlín
852 ## - LOCALIZACIÓN
Ubicación ES-MaACL
Número de control de estantería G-6273
Holdings
Estatus retirado Estado de pérdida Estado de daño No para préstamo Colección Biblioteca de origen Biblioteca actual Ubicación en estantería Fecha de adquisición Fuente de adquisición Total de préstamos Signatura topográfica completa Código de barras Visto por última vez Precio de reemplazo Tipo de ítem Koha
        Libros del s. XIX Biblioteca del Ateneo de Madrid Biblioteca del Ateneo de Madrid Depósito 2 17/01/2008     G-6273 1170748 23/02/2023 23/02/2023 Libro impreso antiguo